00517pam a2200157 a 4500020000500000041000800005082001400013100002100027245005300048250000900101260004500110653001200155930000900167999001700176952016600193 c aeng a512bGALL aGallan Joseph A. aContemporary Abstract AlgebrahTextual Documents a4th. a[s.l]:bVarosa Publication House ,c199. aAlgebra a4299 c81217d81217 001040708Text BooksaYMPbYMPd2021-04-09eBharati Sahakari Madhyavarti Grahak Bhandarg280.00l0o512 GALLpYMP-19535r2023-02-24 00:00:00t1w2023-02-24yBK